Statystyki dla Piłkarze Barcelony i ich narodowości

Kliknij tutaj aby rozwiązać quiz!

Ogólne statystyki

  • Ten quiz został rozwiązany 4 040 razy
  • Średni wynik to 17 z 19

Statystyki odpowiedzi

PiłkarzNarodowość% Poprawnych
M. Ter StegenNiemcy
98%
Gerard PiqueHiszpania
95%
Lionel MessiArgentyna
94%
Antoine GriezmannFrancja
93%
Jordi AlbaHiszpania
93%
Ousmane DembeleFrancja
92%
Sergio BusquetsHiszpania
92%
Frenkie De JongHolandia
92%
Luis SuarezUrugwaj
92%
Samuel UmtitiFrancja
90%
Sergi RobertoHiszpania
90%
Ivan RakiticChorwacja
89%
Clement LengletFrancja
86%
NetoBrazylia
83%
Arturo VidalChile
83%
ArthurBrazylia
82%
Junior FirpoHiszpania
78%
Nelson SemedoPortugalia
74%
Jean-Clair TodiboFrancja
73%

Rozkład punktacji

Percentyl według liczby udzielonych odpowiedzi

Procent ludzi z każdym wynikiem

Twoja historia wyników

Nie rozwiązałeś tego quizu